000
00326nam a22001337a 4500
008
170403b xxu||||| |||| 00| 0 eng d
020
_a
9789280811117
041
_a
eng
080
_a
574
100
_a
9
101
_a
SHM
245
_a
REFORMING INTERNATIONAL ENVIRONMENTAL GOVERNANCE
_c
CHAMBERS, W.B
942
_2
udc
_c
BK
999
_c
9463
_d
9463